| 000 | 00709nam a2200241Ia 4500 | ||
|---|---|---|---|
| 003 | GCL | ||
| 008 | 140319s9999 xx 000 0 ara d | ||
| 040 |
_aGCL / _cGCL |
||
| 082 | 0 | 4 |
_a613.04232 _bا م |
| 100 | 1 | _aاحمد السعيد يونس | |
| 245 | 1 | 0 |
_aمن ست شمعات حتى سن المراهقة / _cاحمد السعيد يونس |
| 260 |
_a[S.N] : _bدار نهضة مصر للطبع والنشر |
||
| 300 | _a175 ص | ||
| 490 | _a | ||
| 650 | 0 | 4 | _aالتربية |
| 650 | 0 | 4 | _aالاطفال |
| 650 | 0 | 4 | _aامراض |
| 650 | 0 | 4 | _aالمراهقون |
| 650 | 0 | 4 | _aالرعاية |
| 650 | 0 | 4 | _aالعناية الصحية |
| 650 | 0 | 4 | _aجروح واصابات |
| 942 |
_2ddc _cBK |
||
| 999 |
_c33385 _d33385 |
||